[Event "BL2-West 1920"]
[Site "Germany"]
[Date "2021.08.07"]
[Round "8.6"]
[White "Lisanti, Andre"]
[Black "Fritsche, Lutz"]
[Result "1/2-1/2"]
[WhiteElo "2218"]
[BlackElo "2306"]
[PlyCount "84"]
[EventDate "2019.09.19"]
[EventType "team-tourn"]
[EventRounds "9"]
[EventCountry "GER"]
[SourceTitle "EXT 2023"]
[Source "ChessBase"]
[SourceDate "2022.10.05"]
[SourceVersion "1"]
[SourceVersionDate "2022.10.05"]
[SourceQuality "1"]
[WhiteTeam "Schott Mainz"]
[BlackTeam "Koblenz SV"]
[WhiteTeamCountry "GER"]
[BlackTeamCountry "GER"]

1. d4 e6 2. c4 Nf6 3. Nc3 Bb4 4. Bd2 b6 5. e3 Bb7 6. Nf3 0-0 7. Be2 a5 8. 0-0 Na6 9. Ne5 d6 10. Nd3 Qe7 11. a3 Bxc3 12. Bxc3 Ne4 13. Be1 c5 14. f3 Nf6 15. Bh4 d5 16. Ne5 Qd6 17. Bxf6 gxf6 18. Ng4 Kg7 19. Qe1 f5 20. Ne5 Qe7 21. cxd5 exd5 22. Qg3+ Kh8 23. Qh3 Bc8 24. Qh6 Rg8 25. Qd6 Qe6 26. Bxa6 Rxa6 27. Rac1 c4 28. e4 b5 29. Qxd5 f6 30. Qxe6 Bxe6 31. d5 fxe5 32. dxe6 fxe4 33. fxe4 Rxe6 34. a4 Rb6 35. axb5 Rxb5 36. Rxc4 Rxb2 37. g3 Rd8 38. Rf2 Rb4 39. Rc7 Rxe4 40. Rff7 Rg4 41. Rxh7+ Kg8 42. Rhf7 Re4 1/2-1/2

[Event "BL2-West 1920"]
[Site "Germany"]
[Date "2019.11.24"]
[Round "3.7"]
[White "Lisanti, Andre"]
[Black "Alienkin, Aleksander"]
[Result "0-1"]
[WhiteElo "2230"]
[BlackElo "2377"]
[PlyCount "87"]
[EventDate "2019.09.19"]
[EventType "team-tourn"]
[EventRounds "9"]
[EventCountry "GER"]
[SourceTitle "EXT 2023"]
[Source "ChessBase"]
[SourceDate "2022.10.05"]
[SourceVersion "1"]
[SourceVersionDate "2022.10.05"]
[SourceQuality "1"]
[WhiteTeam "Schott Mainz"]
[BlackTeam "Remagen Sinzig"]
[WhiteTeamCountry "GER"]
[BlackTeamCountry "GER"]

1. d4 Nf6 2. c4 e6 3. Nf3 Bb4+ 4. Bd2 a5 5. e3 d6 6. Bd3 Nbd7 7. Qc2 e5 8. 0-0 Qe7 9. Bf5 Bxd2 10. Nbxd2 0-0 11. Rac1 g6 12. Bh3 Re8 13. c5 e4 14. cxd6 cxd6 15. Ne1 Nb6 16. Bxc8 Raxc8 17. Qd1 Rxc1 18. Qxc1 Rc8 19. Qd1 Qe6 20. f3 Nbd5 21. Nc2 Rxc2 22. Qxc2 Nxe3 23. d5 Nxc2 24. dxe6 e3 25. Rc1 exd2 26. exf7+ Kxf7 27. Rd1 Nb4 28. Rxd2 d5 29. b3 Nc6 30. Kf2 d4 31. Ke1 Nd5 32. g3 Ke6 33. Re2+ Ne3 34. Kd2 Kd5 35. a3 Ne5 36. f4 Nd7 37. b4 axb4 38. axb4 Ke4 39. Ke1 d3 40. Ra2 Nb6 41. g4 Nbc4 42. f5 gxf5 43. gxf5 Kxf5 44. h4 0-1

[Event "Heusenstamm Sparkassen op-A 5th"]
[Site "Heusenstamm"]
[Date "2018.11.22"]
[Round "1"]
[White "Hagner, Bennet"]
[Black "Lisanti, Andre"]
[Result "0-1"]
[WhiteElo "1912"]
[BlackElo "2209"]
[PlyCount "40"]
[EventDate "2018.11.22"]
[EventType "swiss"]
[EventRounds "7"]
[EventCountry "GER"]
[SourceTitle "CBM 188 Extra"]
[Source "ChessBase"]
[SourceDate "2019.02.26"]
[SourceVersion "1"]
[SourceVersionDate "2019.02.26"]
[SourceQuality "1"]

1. e4 c6 2. d4 d5 3. e5 Bf5 4. h4 Na6 5. c4 Nb4 6. Na3 dxc4 7. Bxc4 e6 8. Ne2 h6 9. Ng3 Bh7 10. Be3 Ne7 11. 0-0 Nf5 12. Nxf5 Bxf5 13. h5 Be7 14. f4 Be4 15. g4 Nd5 16. Qb3 Bxa3 17. Qxb7 Nxe3 18. Bxe6 fxe6 19. Qxg7 Bf8 20. Qxh8 Qh4 0-1

[Event "Heusenstamm Sparkassen op-A 4th"]
[Site "Heusenstamm"]
[Date "2017.11.24"]
[Round "3"]
[White "Lisanti, Andre"]
[Black "Sumets, Andrey"]
[Result "0-1"]
[WhiteElo "2249"]
[BlackElo "2588"]
[PlyCount "50"]
[EventDate "2017.11.23"]
[EventType "swiss"]
[EventRounds "7"]
[EventCountry "GER"]
[SourceTitle "EXT 2019"]
[Source "ChessBase"]
[SourceDate "2018.10.10"]
[SourceVersion "1"]
[SourceVersionDate "2018.10.10"]
[SourceQuality "1"]

1. e4 e6 2. Nf3 d5 3. e5 Bd7 4. c4 dxc4 5. Bxc4 c5 6. Nc3 Nc6 7. 0-0 Nge7 8. b4 Nxb4 9. d4 cxd4 10. Ne4 Ng6 11. Rb1 b5 12. Bg5 Qb6 13. Bb3 h6 14. Bc1 Bc6 15. Re1 Rd8 16. a3 Na6 17. Bc2 Nc5 18. Nxc5 Bxc5 19. Qd3 a6 20. h4 Bxf3 21. gxf3 Nxh4 22. a4 b4 23. a5 Qb5 24. Qe4 d3 25. Bxd3 Qxd3 0-1

[Event "BL2-Sued 1617"]
[Site "Germany"]
[Date "2017.05.07"]
[Round "9.7"]
[White "Klundt, Klaus"]
[Black "Lisanti, Andre"]
[Result "1-0"]
[WhiteElo "2300"]
[BlackElo "2247"]
[PlyCount "67"]
[EventDate "2016.10.16"]
[EventType "team-tourn"]
[EventRounds "9"]
[EventCountry "GER"]
[SourceTitle "EXT 2018"]
[Source "ChessBase"]
[SourceDate "2017.10.13"]
[SourceVersion "1"]
[SourceVersionDate "2017.10.13"]
[SourceQuality "1"]
[WhiteTeam "Heusenstamm"]
[BlackTeam "Schott Mainz"]
[WhiteTeamCountry "GER"]
[BlackTeamCountry "GER"]

1. e4 c5 2. Nf3 e6 3. d4 cxd4 4. Nxd4 a6 5. Bd3 Nc6 6. Nxc6 bxc6 7. 0-0 e5 8. Nd2 Bd6 9. Nc4 Bc7 10. f4 d6 11. Qf3 Be6 12. b3 f6 13. Qg3 g6 14. fxe5 dxe5 15. Ba3 Qd4+ 16. Kh1 0-0-0 17. Rad1 Qa7 18. Be2 Rd4 19. Bg4 Bxg4 20. Qxg4+ f5 21. Qh3 Nf6 22. Rxd4 Qxd4 23. exf5 g5 24. Bb2 Qc5 25. Qe3 Qxe3 26. Nxe3 Ne4 27. Nc4 Rd8 28. g3 h5 29. f6 Bd6 30. f7 Bf8 31. Bxe5 g4 32. Re1 Nf2+ 33. Kg2 Nh3 34. Bf6 1-0

[Event "Oberliga Sued W 1617"]
[Site "Germany"]
[Date "2017.01.15"]
[Round "5.3"]
[White "Leuranguer, Yannick"]
[Black "Lisanti, Andre"]
[Result "1/2-1/2"]
[WhiteElo "2251"]
[BlackElo "2221"]
[PlyCount "29"]
[EventDate "2016.09.25"]
[EventType "team-tourn"]
[EventRounds "9"]
[EventCountry "GER"]
[SourceTitle "EXT 2018"]
[Source "ChessBase"]
[SourceDate "2017.10.13"]
[SourceVersion "1"]
[SourceVersionDate "2017.10.13"]
[SourceQuality "1"]
[WhiteTeam "Landau"]
[BlackTeam "Schott Mainz"]
[WhiteTeamCountry "GER"]
[BlackTeamCountry "GER"]

1. e4 c5 2. c3 g6 3. d4 cxd4 4. cxd4 Bg7 5. Nc3 a6 6. a4 Nc6 7. d5 Nd4 8. Be3 e5 9. dxe6 dxe6 10. Nf3 e5 11. Nd5 Bg4 12. Be2 Bxf3 13. Bxf3 Rc8 14. Bxd4 exd4 15. 0-0 1/2-1/2

[Event "BL2-Sued 1617"]
[Site "Germany"]
[Date "2016.12.04"]
[Round "3.6"]
[White "Korpa, Bence"]
[Black "Lisanti, Andre"]
[Result "1-0"]
[WhiteElo "2474"]
[BlackElo "2232"]
[PlyCount "91"]
[EventDate "2016.10.16"]
[EventType "team-tourn"]
[EventRounds "9"]
[EventCountry "GER"]
[SourceTitle "EXT 2018"]
[Source "ChessBase"]
[SourceDate "2017.10.13"]
[SourceVersion "1"]
[SourceVersionDate "2017.10.13"]
[SourceQuality "1"]
[WhiteTeam "Emmendingen"]
[BlackTeam "Schott Mainz"]
[WhiteTeamCountry "GER"]
[BlackTeamCountry "GER"]

1. Nf3 d5 2. g3 Bg4 3. Bg2 Nd7 4. c4 c6 5. cxd5 cxd5 6. Qb3 Ngf6 7. Nc3 Bxf3 8. Bxf3 Nb6 9. Qb5+ Qd7 10. d3 e6 11. Qxd7+ Kxd7 12. Be3 Bb4 13. a3 Be7 14. Kd2 Nc8 15. Na4 b6 16. Rhc1 Rb8 17. g4 Bd6 18. h3 Ne7 19. Nc3 Rb7 20. Nb5 Be5 21. Rc2 Nc6 22. Kd1 Na5 23. Rb1 Nb3 24. Bg2 a6 25. f4 Bxf4 26. Bxf4 axb5 27. Rc3 Nc5 28. Rbc1 Ne8 29. b4 Na4 30. R3c2 h5 31. g5 f6 32. g6 Ra7 33. e3 e5 34. Bh2 Ke6 35. Rc8 Rd7 36. d4 Nb2+ 37. Ke2 Nc4 38. h4 e4 39. Bh3+ f5 40. Rf1 Ncd6 41. Bxd6 Kxd6 42. Rxf5 Rc7 43. Rd8+ Ke7 44. Rdxd5 Rc2+ 45. Kd1 Rh2 46. Rf7# 1-0

[Event "Oberliga Sued W 1617"]
[Site "Germany"]
[Date "2016.11.20"]
[Round "3.1"]
[White "Bruehl, Andreas"]
[Black "Lisanti, Andre"]
[Result "1-0"]
[WhiteElo "2350"]
[BlackElo "2242"]
[PlyCount "59"]
[EventDate "2016.09.25"]
[EventType "team-tourn"]
[EventRounds "9"]
[EventCountry "GER"]
[SourceTitle "EXT 2018"]
[Source "ChessBase"]
[SourceDate "2017.10.13"]
[SourceVersion "1"]
[SourceVersionDate "2017.10.13"]
[SourceQuality "1"]
[WhiteTeam "Altenkirchen"]
[BlackTeam "Schott Mainz"]
[WhiteTeamCountry "GER"]
[BlackTeamCountry "GER"]

1. d4 d5 2. c4 e6 3. Nc3 Nf6 4. Bg5 Nbd7 5. e3 Be7 6. Nf3 0-0 7. Qc2 Re8 8. Rd1 Nf8 9. Bd3 Ng6 10. Ne5 Nh5 11. Bxe7 Rxe7 12. g4 Nf6 13. g5 Ne8 14. h4 Nf8 15. h5 f6 16. gxf6 gxf6 17. Nf3 c6 18. Kd2 Nd6 19. c5 Nf7 20. Rdg1+ Kh8 21. Nh4 f5 22. Qd1 Nh6 23. Ng6+ Nxg6 24. hxg6 Ng4 25. Qf3 Nf6 26. Qg3 Rg7 27. Qe5 Bd7 28. Ne2 Qa5+ 29. Kc2 Rf8 30. Nf4 1-0

[Event "Oberliga Sued W 1516"]
[Site "Germany"]
[Date "2016.03.06"]
[Round "8.2"]
[White "Giese, Tilman"]
[Black "Lisanti, Andre"]
[Result "0-1"]
[WhiteElo "2101"]
[BlackElo "2248"]
[PlyCount "56"]
[EventDate "2015.09.20"]
[EventType "team-tourn"]
[EventRounds "9"]
[EventCountry "GER"]
[SourceTitle "EXT 2017"]
[Source "ChessBase"]
[SourceDate "2016.10.25"]
[SourceVersion "1"]
[SourceVersionDate "2016.10.25"]
[SourceQuality "1"]
[WhiteTeam "Illingen Turm"]
[BlackTeam "Schott Mainz II"]
[WhiteTeamCountry "GER"]
[BlackTeamCountry "GER"]

1. c4 e5 2. Nc3 Bb4 3. g3 Bxc3 4. bxc3 Nf6 5. Bg2 0-0 6. d3 h6 7. e4 d6 8. Nf3 Bg4 9. 0-0 Qd7 10. Qb3 c5 11. Rb1 b6 12. Be3 Nc6 13. Rb2 Rfe8 14. Nh4 Kh7 15. Qa4 Rac8 16. f4 exf4 17. gxf4 Ne7 18. Qc2 Kh8 19. Kh1 Nh7 20. d4 Nc6 21. e5 Na5 22. Bd5 cxd4 23. Bxd4 Nxc4 24. Rg1 dxe5 25. Qg2 Nxb2 26. fxe5 Ng5 27. e6 fxe6 28. Bb7 Bh3 0-1

[Event "Oberliga Sued W 1516"]
[Site "Germany"]
[Date "2016.02.21"]
[Round "7.4"]
[White "Lisanti, Andre"]
[Black "Bauer, Bjoern Benny"]
[Result "1-0"]
[WhiteElo "2248"]
[BlackElo "2051"]
[PlyCount "89"]
[EventDate "2015.09.20"]
[EventType "team-tourn"]
[EventRounds "9"]
[EventCountry "GER"]
[SourceTitle "EXT 2017"]
[Source "ChessBase"]
[SourceDate "2016.10.25"]
[SourceVersion "1"]
[SourceVersionDate "2016.10.25"]
[SourceQuality "1"]
[WhiteTeam "Schott Mainz II"]
[BlackTeam "Gau Algesheim"]
[WhiteTeamCountry "GER"]
[BlackTeamCountry "GER"]

1. e4 c5 2. Nf3 d6 3. Bc4 Nc6 4. 0-0 g6 5. c3 Nf6 6. d4 cxd4 7. cxd4 Bg7 8. Bb3 0-0 9. Qe2 Bg4 10. Rd1 e5 11. dxe5 Nxe5 12. Nbd2 Qc8 13. h3 Bh5 14. Qe3 Re8 15. Nxe5 Rxe5 16. f3 d5 17. g4 dxe4 18. Nc4 Re7 19. Nd6 Qc6 20. gxh5 Rd8 21. Nxe4 Rxd1+ 22. Bxd1 Nxe4 23. fxe4 Rxe4 24. Bf3 Rxe3 25. Bxc6 Rxh3 26. h6 bxc6 27. hxg7 Kxg7 28. Bd2 Rd3 29. Bc3+ f6 30. Re1 Kf7 31. Re4 f5 32. Ra4 Rd7 33. Ra6 Ke6 34. Rxc6+ Kd5 35. Ra6 Ke4 36. Kf2 Kf4 37. Ra4+ Kg5 38. Bd4 h5 39. Be3+ Kf6 40. Ra6+ Ke5 41. Kf3 Rg7 42. Ra5+ Ke6 43. Bd4 Rd7 44. Ra6+ Kd5 45. Rxa7 1-0

[Event "Oberliga Sued W 1516"]
[Site "Germany"]
[Date "2016.01.31"]
[Round "6.1"]
[White "Winterberg, Lukas"]
[Black "Lisanti, Andre"]
[Result "1-0"]
[WhiteElo "2311"]
[BlackElo "2248"]
[PlyCount "89"]
[EventDate "2015.09.20"]
[EventType "team-tourn"]
[EventRounds "9"]
[EventCountry "GER"]
[SourceTitle "EXT 2017"]
[Source "ChessBase"]
[SourceDate "2016.10.25"]
[SourceVersion "1"]
[SourceVersionDate "2016.10.25"]
[SourceQuality "1"]
[WhiteTeam "Heimbach Weis/Neuwied"]
[BlackTeam "Schott Mainz II"]
[WhiteTeamCountry "GER"]
[BlackTeamCountry "GER"]

1. e4 c5 2. c3 Nf6 3. e5 Nd5 4. d4 cxd4 5. Nf3 d6 6. cxd4 Nc6 7. Bc4 dxe5 8. dxe5 Ndb4 9. Qb3 e6 10. 0-0 Bd7 11. Qd1 Na5 12. Be2 Nd5 13. Nbd2 Nf4 14. Ne4 Nxe2+ 15. Qxe2 Qc7 16. Bg5 Qc4 17. Qe1 h6 18. Rc1 Qa6 19. Bd2 Bb5 20. Bxa5 Bxf1 21. Bb4 Bb5 22. Nd4 Rd8 23. Bxf8 Kxf8 24. Qb4+ Kg8 25. Nxb5 Qxa2 26. Nc7 b6 27. h3 Qa5 28. Qe7 Kh7 29. Nf6+ Kg6 30. f4 Rd2 31. Ne4 Re2 32. f5+ exf5 33. Rc6+ f6 34. Rxf6+ Kh7 35. Rxh6+ Kxh6 36. Qg5+ Kh7 37. Qh5+ Kg8 38. Qe8+ Kh7 39. Qh5+ Kg8 40. Qe8+ Kh7 41. Ng5+ Kh6 42. Qxh8+ Kxg5 43. Ne6+ Kg6 44. Qxg7+ Kh5 45. Qg5# 1-0

[Event "Oberliga Sued W 1516"]
[Site "Germany"]
[Date "2015.11.15"]
[Round "3.5"]
[White "Lisanti, Andre"]
[Black "Wilhelm, Till"]
[Result "0-1"]
[WhiteElo "2248"]
[BlackElo "2156"]
[PlyCount "132"]
[EventDate "2015.09.20"]
[EventType "team-tourn"]
[EventRounds "9"]
[EventCountry "GER"]
[SourceTitle "CBM 170 Extra"]
[Source "ChessBase"]
[SourceDate "2016.02.25"]
[SourceVersion "1"]
[SourceVersionDate "2016.02.25"]
[SourceQuality "1"]
[WhiteTeam "Schott Mainz II"]
[BlackTeam "Heidesheim"]
[WhiteTeamCountry "GER"]
[BlackTeamCountry "GER"]

1. e4 e5 2. Nf3 Nc6 3. Bb5 a6 4. Ba4 Nf6 5. 0-0 Be7 6. Re1 b5 7. Bb3 d6 8. c3 0-0 9. a4 Bd7 10. d3 Na5 11. Bc2 c5 12. Nbd2 Re8 13. Nf1 h6 14. Ne3 Bf8 15. Bd2 Qb6 16. Nh4 c4 17. Qe2 Be6 18. axb5 axb5 19. dxc4 Nxc4 20. Rxa8 Rxa8 21. Bc1 Nxe3 22. Bxe3 Qb7 23. Bc1 b4 24. c4 b3 25. Bd3 Nd7 26. Be3 Nc5 27. Bxc5 dxc5 28. Nf5 Qd7 29. Ne3 Qd4 30. Bb1 Qd8 31. Rd1 Qg5 32. g3 h5 33. h4 Qg6 34. Kg2 Be7 35. Nf5 Bf6 36. Rd6 Ra1 37. Qd1 Bxf5 38. exf5 Qg4 39. Qxg4 hxg4 40. Be4 Re1 41. Bd5 e4 42. Rb6 Kf8 43. Rb8+ Ke7 44. Rb7+ Kd8 45. Rxb3 Bd4 46. Rb8+ Kd7 47. Rb7+ Kc8 48. Rxf7 Re2 49. Kf1 Rxf2+ 50. Ke1 e3 51. f6 Bxf6 52. Be6+ Kb8 53. Rf8+ Ka7 54. Bxg4 Bc3+ 55. bxc3 Rxf8 56. Ke2 Re8 57. Bf3 Kb6 58. h5 Kc7 59. Bd5 Kd6 60. Bf3 Re5 61. Kd3 Ke7 62. Be2 Kf6 63. Bf3 Kg5 64. Be2 Kh6 65. Bf3 Rg5 66. g4 Re5 0-1

[Event "BL2-Sued 1415"]
[Site "Germany"]
[Date "2014.09.21"]
[Round "1.8"]
[White "Loehr, Markus"]
[Black "Lisanti, Andre"]
[Result "0-1"]
[WhiteElo "2243"]
[BlackElo "2229"]
[PlyCount "60"]
[EventDate "2014.09.21"]
[EventType "team-tourn"]
[EventRounds "9"]
[EventCountry "GER"]
[SourceTitle "CBM 166 Extra"]
[Source "ChessBase"]
[SourceDate "2015.06.18"]
[SourceVersion "1"]
[SourceVersionDate "2015.06.18"]
[SourceQuality "1"]
[WhiteTeam "Schmiden Cannstatt"]
[BlackTeam "Mainz Schott"]
[WhiteTeamCountry "GER"]
[BlackTeamCountry "GER"]

1. d4 Nf6 2. c4 c5 3. d5 a6 4. a4 e6 5. Nc3 exd5 6. cxd5 d6 7. g3 g6 8. Bg2 Bg7 9. Nf3 0-0 10. 0-0 Re8 11. Bf4 Bg4 12. Re1 Ne4 13. Nxe4 Rxe4 14. Nd2 Rb4 15. h3 Bc8 16. Rb1 g5 17. Be3 Bf5 18. b3 Bxb1 19. Qxb1 h6 20. Qf5 Qd7 21. Qd3 b5 22. a5 Qe7 23. Bxc5 dxc5 24. d6 Qa7 25. Qf5 Rd4 26. Rd1 Rxd6 27. Bxa8 Qxa8 28. Qc8+ Bf8 29. Kh2 Rd7 30. Ne4 Qxe4 0-1

[Event "BL2-Sued 1314"]
[Site "Germany"]
[Date "2013.10.13"]
[Round "1.8"]
[White "Lisanti, Andre"]
[Black "Papp, Petra"]
[Result "0-1"]
[WhiteElo "2234"]
[BlackElo "2294"]
[PlyCount "60"]
[EventDate "2013.10.13"]
[EventType "team-tourn"]
[EventRounds "9"]
[EventCountry "GER"]
[SourceTitle "EXT 2015"]
[Source "ChessBase"]
[SourceDate "2014.11.20"]
[SourceVersion "1"]
[SourceVersionDate "2014.11.20"]
[SourceQuality "1"]
[WhiteTeam "Schott Mainz"]
[BlackTeam "Schwaebisch Hall"]
[WhiteTeamCountry "GER"]
[BlackTeamCountry "GER"]

1. e4 c5 2. b3 b6 3. Bb2 Bb7 4. Qg4 Nf6 5. Bxf6 gxf6 6. Nc3 Nc6 7. Nf3 d6 8. Qh5 e6 9. 0-0-0 a6 10. Bc4 Qe7 11. d4 cxd4 12. Nxd4 Nxd4 13. Rxd4 Bg7 14. Rhd1 0-0 15. e5 fxe5 16. Rxd6 e4 17. Nb1 Qf6 18. c3 b5 19. Bf1 Rac8 20. Qe2 b4 21. c4 Bh6+ 22. Kc2 Qa1 23. R1d2 Qxa2+ 24. Kc1 Qxb3 25. Qh5 Rxc4+ 26. Bxc4 Qxc4+ 27. Kd1 Qf1+ 28. Kc2 Rc8+ 29. Kb2 Bg7+ 30. Ka2 Qc4# 0-1

[Event "Oberliga Sued W 1112"]
[Site "Germany"]
[Date "2011.11.13"]
[Round "3"]
[White "Lisanti, Andre"]
[Black "Karst, Elmar"]
[Result "1-0"]
[WhiteElo "2222"]
[BlackElo "2292"]
[PlyCount "121"]
[EventDate "2011.09.25"]
[EventType "team-tourn"]
[EventRounds "9"]
[EventCountry "GER"]
[SourceTitle "EXT 2013"]
[Source "ChessBase"]
[SourceDate "2012.11.22"]
[SourceVersion "1"]
[SourceVersionDate "2012.11.22"]
[SourceQuality "1"]
[WhiteTeam "Schott Mainz II"]
[BlackTeam "Heidesheim"]
[WhiteTeamCountry "GER"]
[BlackTeamCountry "GER"]

1. d4 d5 2. c4 e6 3. Nc3 Nf6 4. Bg5 Be7 5. e3 0-0 6. Bxf6 Bxf6 7. cxd5 exd5 8. Bd3 c6 9. Nge2 a5 10. Qc2 g6 11. Nf4 Na6 12. a3 Re8 13. Nce2 Qd6 14. Rd1 b5 15. 0-0 Bg5 16. Rfe1 Bd7 17. Qd2 a4 18. Bc2 Bd8 19. Ng3 Nb8 20. Qc1 f5 21. Nd3 Bc8 22. Bb1 Nd7 23. Nb4 Ba5 24. Ba2 Kg7 25. Re2 Bxb4 26. axb4 Nb6 27. f3 Nc4 28. e4 fxe4 29. fxe4 Bg4 30. Qg5 Qd7 31. Rf2 Rf8 32. Rdf1 h6 33. Qc1 Qe7 34. Rxf8 Rxf8 35. Bxc4 bxc4 36. Rxf8 Qxf8 37. exd5 cxd5 38. b5 Bd7 39. Qe3 Qd6 40. b6 Qxb6 41. Qe5+ Kf7 42. Qxd5+ Qe6 43. Qf3+ Kg7 44. Ne2 Bc6 45. Qf2 Qe4 46. Nc3 Qd3 47. Qf4 Be8 48. Qe5+ Kf8 49. d5 Qd2 50. h4 Qc1+ 51. Kh2 Qxb2 52. Qh8+ Kf7 53. Qh7+ Kf8 54. d6 Qb8 55. Qe7+ Kg8 56. Nd5 Bf7 57. Nf6+ Kg7 58. Qe5 Qd8 59. Nh5+ Kf8 60. Qh8+ Bg8 61. Qg7+ 1-0

[Event "Oberliga Sued W 1112"]
[Site "Germany"]
[Date "2011.10.23"]
[Round "2"]
[White "Rueckert, Helge"]
[Black "Lisanti, Andre"]
[Result "1/2-1/2"]
[WhiteElo "2078"]
[BlackElo "2222"]
[PlyCount "57"]
[EventDate "2011.09.25"]
[EventType "team-tourn"]
[EventRounds "9"]
[EventCountry "GER"]
[SourceTitle "EXT 2013"]
[Source "ChessBase"]
[SourceDate "2012.11.22"]
[SourceVersion "1"]
[SourceVersionDate "2012.11.22"]
[SourceQuality "1"]
[WhiteTeam "Illingen"]
[BlackTeam "Schott Mainz II"]
[WhiteTeamCountry "GER"]
[BlackTeamCountry "GER"]

1. f4 d5 2. Nf3 c5 3. g3 Nc6 4. Bg2 g6 5. 0-0 Bg7 6. d3 Qd6 7. Nc3 Bg4 8. e4 Bd4+ 9. Kh1 Bxc3 10. bxc3 dxe4 11. dxe4 Qxd1 12. Rxd1 Nf6 13. Re1 Nd7 14. Be3 Na5 15. h3 Be6 16. Ng5 Bc4 17. e5 h6 18. Ne4 Rc8 19. Nd2 Ba6 20. Rad1 Rc7 21. Be4 b6 22. e6 Nf6 23. exf7+ Kxf7 24. Bg2 Rd8 25. Nf3 Rxd1 26. Rxd1 Nc4 27. Bc1 Nd6 28. Ne5+ Kg7 29. Re1 1/2-1/2

[Event "Rheinland Pfalz op 3rd"]
[Site "Gau Algesheim"]
[Date "2011.08.01"]
[Round "5"]
[White "Lisanti, Andre"]
[Black "Cicak, Slavko"]
[Result "0-1"]
[WhiteElo "2222"]
[BlackElo "2564"]
[PlyCount "54"]
[EventDate "2011.07.28"]
[EventType "swiss"]
[EventRounds "7"]
[EventCountry "GER"]
[SourceTitle "EXT 2013"]
[Source "ChessBase"]
[SourceDate "2012.11.22"]
[SourceVersion "1"]
[SourceVersionDate "2012.11.22"]
[SourceQuality "1"]

1. c4 b6 2. e4 c5 3. g3 Bb7 4. Bg2 g6 5. Ne2 Bg7 6. 0-0 Nc6 7. Na3 Nf6 8. e5 Ng8 9. f4 Nh6 10. d4 cxd4 11. Nxd4 Qc8 12. f5 Nxe5 13. f6 exf6 14. Ndb5 0-0 15. Nd6 Qc7 16. Ndb5 Qc5+ 17. Kh1 Bxg2+ 18. Kxg2 Nxc4 19. b4 Qc6+ 20. Kh3 f5 21. Rb1 a6 22. Nxc4 axb5 23. Ne3 Rxa2 24. Nd5 Ng4 25. Rb2 Bxb2 26. Ne7+ Kh8 27. Nxc6 Bc3 0-1

[Event "Rheinland Pfalz op 3rd"]
[Site "Gau Algesheim"]
[Date "2011.08.01"]
[Round "6"]
[White "Solomunovic, Igor"]
[Black "Lisanti, Andre"]
[Result "0-1"]
[WhiteElo "2388"]
[BlackElo "2222"]
[PlyCount "122"]
[EventDate "2011.07.28"]
[EventType "swiss"]
[EventRounds "7"]
[EventCountry "GER"]
[SourceTitle "EXT 2013"]
[Source "ChessBase"]
[SourceDate "2012.11.22"]
[SourceVersion "1"]
[SourceVersionDate "2012.11.22"]
[SourceQuality "1"]

1. e4 g6 2. d4 Bg7 3. Nf3 d6 4. Bf4 e6 5. Bd3 Ne7 6. c3 b6 7. 0-0 h6 8. Re1 Nd7 9. Nbd2 a6 10. a4 Bb7 11. Nf1 Qb8 12. Ng3 Qa7 13. Be3 Nf6 14. Nd2 h5 15. f3 h4 16. Ngf1 d5 17. Bf2 dxe4 18. fxe4 0-0-0 19. Qe2 Qa8 20. Bc2 g5 21. Nf3 Nh7 22. N1d2 Ng6 23. h3 Nf4 24. Qe3 Bh6 25. Ne5 g4 26. hxg4 Ng5 27. Rad1 f6 28. Qxf4 Nh3+ 29. gxh3 Bxf4 30. Nf7 Kd7 31. Nf3 Ke7 32. Nxh8 Rxh8 33. d5 Bg3 34. Nd4 c5 35. Nxe6 Qb8 36. Re2 Bxf2+ 37. Rxf2 Qg3+ 38. Rg2 Qf3 39. Kh2 Bc8 40. Ng7 Bd7 41. d6+ Kd8 42. Nf5 Qf4+ 43. Kg1 Rg8 44. Rf1 Qg5 45. Ne7 Qe3+ 46. Kh2 Rf8 47. Nd5 Qg5 48. Nxb6 Be6 49. Nd5 Bxd5 50. Rf5 Qe3 51. exd5 Re8 52. a5 Qc1 53. Rxf6 Re1 54. Rf8+ Kd7 55. Rgf2 Rh1+ 56. Kg2 Qg1+ 57. Kf3 Rxh3+ 58. Ke2 Qxg4+ 59. Kd2 Qg5+ 60. R8f4 Rh2 61. Ke2 Qxf4 0-1

[Event "Rheinland Pfalz op 2nd"]
[Site "Schweich"]
[Date "2010.07.18"]
[Round "6"]
[White "Konstantinovskij, Dimitrij"]
[Black "Lisanti, Andre"]
[Result "0-1"]
[WhiteElo "1999"]
[BlackElo "2244"]
[PlyCount "61"]
[EventDate "2010.07.16"]
[EventType "swiss"]
[EventRounds "7"]
[EventCountry "GER"]
[SourceTitle "EXT 2012"]
[Source "ChessBase"]
[SourceDate "2011.11.24"]
[SourceVersion "1"]
[SourceVersionDate "2011.11.24"]
[SourceQuality "1"]

1. c4 e5 2. Nc3 Nf6 3. d3 c6 4. Nf3 d6 5. g3 Be7 6. Bg2 0-0 7. 0-0 a6 8. a4 a5 9. d4 Qc7 10. c5 dxc5 11. dxe5 Rd8 12. Qc2 Nd5 13. Bg5 Bg4 14. Bxe7 Qxe7 15. Rad1 Na6 16. Qe4 Be6 17. Nh4 g6 18. Qf3 Qg5 19. Nxd5 cxd5 20. Qc3 Qe7 21. f4 d4 22. Qf3 Bd5 23. e4 Bc4 24. Rf2 d3 25. Qe3 Nb4 26. f5 Qxe5 27. f6 Ra6 28. Nf5 Kh8 29. Rc1 Nc2 30. Qh6 Qxf6 31. Ne3 0-1

[Event "Rheinland Pfalz op 2nd"]
[Site "Schweich"]
[Date "2010.07.16"]
[Round "2"]
[White "Roehlich, Anna"]
[Black "Lisanti, Andre"]
[Result "0-1"]
[WhiteElo "1426"]
[BlackElo "2244"]
[PlyCount "96"]
[EventDate "2010.07.16"]
[EventType "swiss"]
[EventRounds "7"]
[EventCountry "GER"]
[SourceTitle "EXT 2012"]
[Source "ChessBase"]
[SourceDate "2011.11.24"]
[SourceVersion "1"]
[SourceVersionDate "2011.11.24"]
[SourceQuality "1"]

1. e4 c5 2. Nc3 Nc6 3. g3 g6 4. Bg2 Bg7 5. Nge2 d6 6. d3 Bg4 7. h3 Bd7 8. Be3 Nd4 9. Qd2 Qa5 10. f4 Ba4 11. Nxd4 cxd4 12. Nxa4 Qxa4 13. Bf2 Rc8 14. Rc1 b6 15. c3 Qa5 16. b4 Qa3 17. c4 e5 18. 0-0 h5 19. Rb1 h4 20. Rb3 Qa4 21. gxh4 Qd7 22. Bg3 Nf6 23. fxe5 Nh5 24. Be1 Bh6 25. Qe2 Be3+ 26. Kh1 dxe5 27. Qg4 Qxg4 28. hxg4 Ng7 29. Bg3 Ne6 30. Kh2 Bf4 31. Bxf4 exf4 32. Bf3 Rxh4+ 33. Kg2 Ng5 34. Kf2 Rh2+ 35. Ke1 Rxa2 36. Rb1 Ke7 37. Be2 Ne6 38. Rh1 b5 39. Rc1 Kf6 40. Rd1 Ke5 41. Rd2 Ra1+ 42. Rd1 Ra4 43. Rb1 bxc4 44. dxc4 Kxe4 45. Rh3 Ng5 46. Bd3+ Ke5 47. Rh1 Ra2 48. Kd1 f3 0-1